000 01096cam a2200349 i 4500
001 016530339
003 Uk
005 20230711154415.0
008 130905s2014 enkac 001 0 eng c
015 _aGBB399567
_2bnb
020 _a9781409343479 (hbk.) :
_c£25.00
035 _a(WlAbNL)vtls006741815
040 _aStDuBDS
_beng
_cStDuBDS
_erda
_dWlAbNL
_dUk
042 _aukscp
082 0 4 _a613.7
_223
100 1 _aIyengar, B. K. S.,
_d1918-2014,
_eauthor.
245 1 0 _aYoga :
_bthe path to holistic health /
_cB. K. S. Iyengar.
250 _aRevised edition.
264 1 _aLondon :
_bDorling Kindersley,
_c2014.
300 _a432 pages :
_billustrations (chiefly colour), portraits ;
_c28 cm.
336 _atext
_btxt
_2rdacontent.
336 _astill image
_bsti
_2rdacontent.
337 _aunmediated
_bn
_2rdamedia.
338 _avolume
_bnc
_2rdacarrier.
500 _aPrevious edition: 2008.
500 _aIncludes index.
500 _aFormerly CIP.
_5Uk.
600 1 0 _aIyengar, B. K. S.,
_d1918-2014.
650 0 _aHatha yoga.
650 0 _aYoga
_vGuidebooks.
942 _2ddc
_cMAIN
999 _c9612
_d9613